[Event "43rd Open"]
[Site "Mislata ESP"]
[Date "2009.08.29"]
[Round "8"]
[White "Varley,P"]
[Black "Del Rio de Angelis,S"]
[Result "1/2-1/2"]
[WhiteElo "2280"]
[BlackElo "2560"]

1.d4 Nf6 2.c4 g6 3.Nc3 d5 4.cxd5 Nxd5 5.e4 Nxc3 6.bxc3 Bg7 7.Be3 c5 8.Qd2 Qa5
9.Rc1 Qa4 10.h3 O-O 11.Nf3 Nd7 12.Bd3 Nf6 13.O-O b6 14.Bh6 Bb7 15.Bxg7 Kxg7
16.Rfe1 cxd4 17.cxd4 Rac8 18.Rxc8 Rxc8 19.d5 Qa3 20.Bb1 Qc3 21.Qf4 Qb4 22.Qe5 Kg8
23.Rd1 Qd6 24.Qg5 Qd8 25.Qh4 Rc4 26.Ne5 Rc8 27.Nf3 Kg7 28.Ng5 h6 29.Nf3 Qc7
30.Nd4 Qc4 31.Qg3 Qa4 32.Qf3 Rc3 33.Qe2 Ba6 34.Qd2 Bd3 35.Ne6+ fxe6 36.Bxd3 Qd4
37.dxe6 Rc6 38.e5 Qxe5 39.Re1 Qd4 40.Qe2 Rd6 41.Bb1 Qc3 42.Rd1 Rxd1+ 43.Qxd1 Qc4
44.Qe1 Qd4 45.Kh2 Nd5 46.Qe2 Nc3 47.Qc2 Nxb1 48.Qxb1 Qe5+ 49.g3 Qxe6 50.Kg2 Qd5+
51.Kg1 h5 52.Qb2+ Kf7 53.Qh8 Qd6 54.Qh7+ Ke8 55.Qg8+ Kd7 56.Qa8 a5 57.Qb7+ Ke8
58.Qa8+ Kf7 59.Qf3+ Kg7 60.Qc3+ Kh7 61.Qc4 Kg7 62.Qc3+ Qf6 63.Qc4 Qe5 64.a4 Qd6
65.Qc3+ Kg8 66.Qc4+ Kg7 67.Qc3+ e5 68.Qc4 Kf6 69.Qh4+ Kf5 70.Qc4 Kf6 71.Qh4+ Kg7
72.Qc4 Qd7 73.Qb3 Qd4 74.Qc2 Qc5 75.Qd3 Qd4 76.Qc2 h4 77.gxh4 Qxh4 78.Qc7+ Kh6
79.Qd7 Qd4 80.Qc6 e4 81.Qc1+ Kg7 82.Qc7+ Kf6 83.Qc6+ Kg5 84.Qc1+ Kf5 85.Qc8+ Ke5
86.Qe8+ Kd5 87.Qxg6 Qxa4 88.Qxb6 Qb4 89.Qd8+ Kc4 90.h4 a4 91.h5 Qb1+ 92.Kh2 a3
93.Qc7+ Kb3 94.Qb7+ Ka2 95.Qd5+ Qb3 96.Qd2+ Qb2 97.Qd5+ Qb3 98.Qd2+ Qb2 99.Qd5+  1/2-1/2

[Event "XIX EYCC Boys U18"]
[Site "Fermo ITA"]
[Date "2009.08.31"]
[Round "1"]
[White "Pavlidis,Ana"]
[Black "Kavcic,J"]
[Result "1/2-1/2"]
[WhiteElo "2348"]
[BlackElo "1998"]

1.d4 Nf6 2.c4 g6 3.Nc3 d5 4.cxd5 Nxd5 5.e4 Nxc3 6.bxc3 Bg7 7.Nf3 c5 8.Rb1 Nc6
9.d5 Ne5 10.Bb5+ Bd7 11.Nxe5 Bxe5 12.Bxd7+ Qxd7 13.c4 O-O 14.O-O e6 15.Bb2 Bxb2
16.Rxb2 exd5 17.exd5 Rfe8 18.Re1 Rxe1+ 19.Qxe1 Qa4 20.Qf1 Re8 21.Rd2 a6 22.d6 Qc6
23.d7 Rd8 24.Qd1 b5 25.Rd6 Qe4 26.h3 bxc4 27.Rd5 Qe6 28.Rd6 Qe4 29.Qd2 Qe7
30.Rd5 c3 31.Qc2 Rxd7 32.Rxc5 Rd1+ 33.Kh2 Qd6+ 34.g3 Qd3 35.Qxd3 Rxd3 36.Ra5 Rd6
37.g4 f6 38.h4 Kf7 39.Kg3 h6 40.h5 g5 41.f3 Ke7 42.Kf2 Re6 43.Ra3 Kd7 44.Rxc3 Rc6
45.Rd3+ Rd6 46.Ra3 Re6 47.Rb3 Kc7 48.Rb4 Re5 49.Ra4 a5 50.f4 Rc5 51.Ke3 Kd6
52.Rd4+ Ke6 53.f5+ Ke5 54.Re4+ Kd5 55.Re6 Rc3+ 56.Kd2 Rc6 57.Re7 Rc4 58.Re6 Rc6
59.Re8 Rc4 60.Re6  1/2-1/2

[Event "XIX EYCC Boys U16"]
[Site "Fermo ITA"]
[Date "2009.08.31"]
[Round "1"]
[White "Binci,L"]
[Black "Givon,A"]
[Result "0-1"]
[WhiteElo "1675"]
[BlackElo "2132"]

1.d4 Nf6 2.c4 g6 3.Nc3 d5 4.cxd5 Nxd5 5.e4 Nxc3 6.bxc3 Bg7 7.Bc4 c5 8.Ne2 Nc6
9.Be3 O-O 10.Rc1 cxd4 11.cxd4 Qa5+ 12.Kf1 Qa3 13.Qd2 Bd7 14.h4 Na5 15.Bd3 Rac8
16.f3 Rxc1+ 17.Nxc1 Rc8 18.Kf2 Nc4 19.Bxc4 Rxc4 20.Ne2 e6 21.Rc1 Rxc1 22.Nxc1 Qd6
23.g3 f5 24.Ne2 fxe4 25.fxe4 Bc6 26.Bf4 Qa3 27.Qc2 Qb4 28.Be3 a5 29.Qd3 a4
30.d5 exd5 31.exd5 Bb5 32.Qd1 Qg4 33.Qd2 Bf8 34.Nf4 Bd6 35.Qb2 Ba6 36.Qd2 Qf5
37.Qc1 Kf7 38.Qd1 Qe4 39.Qd2 Qh1 40.Qe1 Qxe1+ 41.Kxe1 Bc4 42.Kd2 Bxa2 43.Kc3 b5
44.Bd2 Bc4 45.Kd4 a3 46.Bc1 a2 47.Bb2 Be7 48.Nd3 Bxd3 49.Kxd3 Bf6 50.Kc2 b4
51.Kb3 Bxb2 52.Kxa2 Bc3 53.g4 Ke7 54.Kb3 Kd6 55.Kc4 h6 56.h5 g5  0-1

[Event "II Open"]
[Site "Sabadell ESP"]
[Date "2009.09.01"]
[Round "1"]
[White "Lopez Atalaya Faine,J"]
[Black "Bacallao Alonso,Y"]
[Result "0-1"]
[WhiteElo "1853"]
[BlackElo "2507"]

1.d4 Nf6 2.c4 g6 3.Nc3 d5 4.cxd5 Nxd5 5.e4 Nxc3 6.bxc3 Bg7 7.Bc4 c5 8.Be3 O-O
9.Ne2 Nc6 10.O-O Bg4 11.f3 Na5 12.Bd5 Bd7 13.Rb1 Qc7 14.Bb3 Rad8 15.Bf4 e5
16.Bg5 Rde8 17.d5 c4 18.Bc2 b6 19.Qd2 Nb7 20.h4 Nd6 21.g4 f6 22.Be3 f5 23.gxf5 gxf5
24.Kh2 f4 25.Bf2 Bc8 26.Rh1 Qd7 27.Kg2 Kh8 28.Rbg1 Rg8 29.Kf1 a6 30.h5 Nf7
31.Nxf4 exf4 32.Qxf4 Bxc3 33.Bh4 Qd6 34.Qxf7 Rgf8 35.Qxh7+ Kxh7 36.e5+ Kh8
37.exd6 Rxf3+ 38.Kg2 Rf4 39.Be7 Bf5 40.Bxf5 Rxf5 41.Rh3 Rg8+ 42.Rg3 Rxd5
43.Rxg8+ Kxg8 44.Rc1 Bb4 45.Rxc4 Bc5 46.h6 a5 47.Rh4 Kh7 48.Kf3 Bxd6 49.Bxd6 Rxd6
50.Rh2 Re6 51.Kf4 b5 52.Kf5 Re3 53.Kg5 b4 54.Rc2 Rc3 55.Rb2 Rc5+ 56.Kf4 Kxh6
57.Ke3 Kg5 58.Kd3 Kf5 59.Kd4 Rc3 60.Rh2 Ke6 61.Rg2 Kd6 62.Rg6+ Kc7 63.Rg5 Kb6
64.Rg2 Kb5 65.Rb2 Ka4 66.Rh2 Ka3 67.Rf2 a4 68.Rh2 Rc8 69.Kd3 b3 70.axb3 axb3
71.Rh7 b2 72.Ra7+ Kb3 73.Rb7+ Ka2 74.Ra7+ Kb1 75.Rh7 Ra8 76.Rh1+ Ka2 77.Rh2 Ka1  0-1

[Event "XIX EYCC Boys U18"]
[Site "Fermo ITA"]
[Date "2009.09.02"]
[Round "3"]
[White "Pavlidis,Ana"]
[Black "Torres Ventosa,P"]
[Result "1-0"]
[WhiteElo "2348"]
[BlackElo "2135"]

1.d4 Nf6 2.c4 g6 3.Nc3 d5 4.cxd5 Nxd5 5.e4 Nxc3 6.bxc3 Bg7 7.Nf3 c5 8.Rb1 O-O
9.Be2 b6 10.O-O Bb7 11.Qd3 e6 12.Bg5 Qc7 13.Qe3 Nd7 14.e5 Rae8 15.Bf4 Bc6
16.Nd2 Bd5 17.Ne4 Bxa2 18.Nf6+ Bxf6 19.exf6 e5 20.Bxe5 Qd8 21.Ra1 Bd5 22.Bb5 cxd4
23.cxd4 Nxf6 24.Bxe8 Ng4 25.Bxf7+ Rxf7 26.Qg3 Nh6 27.Rfc1 Nf5 28.Qg4 Be6
29.Qe4 Bd5 30.Qc2 Qg5 31.f4 Qg4 32.h3 Qg3 33.Qf2 Qd3 34.Re1 a5 35.Kh2 Bb3
36.g4 Ne7 37.Bd6 Nc6 38.Rac1 Bc4 39.Re3 Qxd4 40.Re8+ Kg7 41.Qxd4+ Nxd4 42.Rxc4 Nb3
43.Be5+ Kh6 44.Rc7 Rxc7 45.Bxc7 b5 46.g5+ Kg7 47.Ra8 a4 48.Rb8 a3 49.Rxb5 a2
50.Be5+  1-0

[Event "6th LGA Premium Cup"]
[Site "Nuernberg GER"]
[Date "2009.09.03"]
[Round "1"]
[White "Sroka,Die"]
[Black "Koch,Mo"]
[Result "0-1"]
[WhiteElo "1897"]
[BlackElo "2316"]

1.d4 Nf6 2.c4 g6 3.Nc3 d5 4.cxd5 Nxd5 5.e4 Nxc3 6.bxc3 Bg7 7.Nf3 c5 8.Rb1 O-O
9.Be2 b6 10.O-O Bb7 11.dxc5 Bxe4 12.Rb4 Bd5 13.c4 Bc6 14.cxb6 axb6 15.Qxd8 Rxd8
16.Rxb6 Rxa2 17.Bd1 Be4 18.Bb3 Ra1 19.Bf4 Rxf1+ 20.Kxf1 Nd7 21.Rb5 Bc3 22.Nd2 Bc6  0-1

[Event "4th Xtracon Skovbo"]
[Site "Borup DEN"]
[Date "2009.09.04"]
[Round "1"]
[White "Molvig,H"]
[Black "Johansson,An"]
[Result "1/2-1/2"]
[WhiteElo "2171"]
[BlackElo "2047"]

1.d4 Nf6 2.c4 g6 3.Nc3 d5 4.cxd5 Nxd5 5.e4 Nxc3 6.bxc3 Bg7 7.Bc4 c5 8.Ne2 Nc6
9.Be3 O-O 10.O-O Bg4 11.f3 Na5 12.Bd3 cxd4 13.cxd4 Be6 14.d5 Bxa1 15.Qxa1 f6
16.Kh1 Rc8 17.Bh6 Re8 18.Nf4 Bd7 19.e5 Nc4 20.e6 Ba4 21.Nxg6 hxg6 22.Bxg6 Ne5
23.Be4 Bc2 24.Bxc2 Rxc2 25.Qd1 Kh7 26.Qxc2+ Kxh6 27.f4 Qxd5 28.fxe5 Qxe5
29.Qd2+ Kg6 30.Qd7 Rh8 31.h3 Qd6 32.Rd1 Qxd7 33.Rxd7 Rh4 34.Rxe7 Ra4 35.Rxb7 Rxa2
36.e7 Kf7 37.Kh2 a5 38.Ra7 Re2 39.Rxa5 Rxe7 40.h4 Kg6 41.h5+ Kh6 42.Kh3 Re6
43.g4 Re3+ 44.Kh4 Rb3 45.Ra7 Rc3 46.Ra6 Kg7 47.Ra5 Rb3 48.Rf5 Ra3 49.h6+ Kxh6
50.Rxf6+ Kg7 51.Rb6 Ra5 52.g5 Ra1 53.Kh5  1/2-1/2

[Event "4th Xtracon Skovbo"]
[Site "Borup DEN"]
[Date "2009.09.05"]
[Round "3"]
[White "Antonsen,M"]
[Black "Teplyi,I"]
[Result "1-0"]
[WhiteElo "2428"]
[BlackElo "2284"]

1.d4 Nf6 2.c4 g6 3.Nc3 d5 4.cxd5 Nxd5 5.e4 Nxc3 6.bxc3 Bg7 7.Bc4 c5 8.Ne2 Nc6
9.Be3 O-O 10.O-O Na5 11.Bd3 b6 12.Qd2 e5 13.Bh6 cxd4 14.cxd4 exd4 15.Bxg7 Kxg7
16.f4 Bb7 17.f5 Nc6 18.Rf3 Ne5 19.Rg3 Rc8 20.Rf1 Rc6 21.Rh3 h5 22.Nf4 Rd6
23.Qe1 h4 24.Rxh4 Qg5 25.Rh3 Rh8 26.Qc1 Qd8 27.Rxh8 Kxh8 28.Bc2 Ba6 29.Rd1 Bc4
30.Bb3 b5 31.fxg6 fxg6 32.Nd5 Qh4 33.Bxc4 bxc4 34.Qa3 Rd8 35.Rf1 Rg8 36.Qd6 Qg5
37.Nf4 Rd8 38.Qxe5+ Qxe5 39.Nxg6+  1-0

[Event "31st Southern California Open"]
[Site "San Diego USA"]
[Date "2009.09.05"]
[Round "1"]
[White "Gurczak,J"]
[Black "Khachiyan,M"]
[Result "0-1"]
[WhiteElo "2086"]
[BlackElo "2516"]

1.d4 Nf6 2.c4 g6 3.Nc3 d5 4.cxd5 Nxd5 5.e4 Nxc3 6.bxc3 Bg7 7.Bc4 O-O 8.Be3 Nc6
9.Ne2 e5 10.O-O Qe7 11.Qd2 exd4 12.Nxd4 Qxe4 13.f3 Qe8 14.Nb5 Ne5 15.Be2 Qe7
16.Nxa7 Rd8 17.Nxc8 Raxc8 18.Qc2 Ng4 19.fxg4 Qxe3+ 20.Kh1 Rd2  0-1

[Event "4th Xtracon Skovbo"]
[Site "Borup DEN"]
[Date "2009.09.06"]
[Round "4"]
[White "Rosenkilde,A"]
[Black "Smith,Ax"]
[Result "1/2-1/2"]
[WhiteElo "2180"]
[BlackElo "2415"]

1.d4 Nf6 2.c4 g6 3.Nc3 d5 4.cxd5 Nxd5 5.e4 Nxc3 6.bxc3 Bg7 7.Bc4 c5 8.Ne2 O-O
9.O-O Nc6 10.Be3 Na5 11.Bd3 b6 12.Rc1 e5 13.dxc5 Be6 14.c4 bxc5 15.Nc3 Nxc4
16.Bxc4 Bxc4 17.Bxc5 Re8 18.Qxd8 Raxd8 19.Rfd1 a6 20.a3 f5 21.f3 Kf7 22.Nd5 Bb3
23.Rd3 Bxd5 24.Rcd1 Bf6 25.Rxd5 Rxd5 26.Rxd5 Rd8 27.Rxd8 Bxd8 28.Kf2 fxe4
29.fxe4 Be7 30.Bb4 Kf6 31.Kf3 Bxb4 32.axb4 Kg5 33.Kg3 h5 34.h4+ Kf6 35.Kf3 g5
36.g3  1/2-1/2

[Event "XIX EYCC Boys U14"]
[Site "Fermo ITA"]
[Date "2009.09.06"]
[Round "6"]
[White "Buyukasik,D"]
[Black "Hiti,D"]
[Result "1-0"]
[WhiteElo "2003"]
[BlackElo "1865"]

1.d4 Nf6 2.c4 g6 3.Nc3 d5 4.cxd5 Nxd5 5.e4 Nxc3 6.bxc3 Bg7 7.Bc4 c5 8.Ne2 Nc6
9.Be3 O-O 10.O-O Bg4 11.f3 Na5 12.Bd3 cxd4 13.cxd4 Bd7 14.Rc1 Rc8 15.Qd2 Nc6
16.Kh1 Qa5 17.Qxa5 Nxa5 18.d5 Ra8 19.Bc5 Rfe8 20.Bb4 b6 21.Rc7 Rad8 22.Rxa7 e6
23.Rxd7 Rxd7 24.Bb5 Red8 25.Bxd7 Rxd7 26.Rc1 h5 27.d6 Bf8 28.e5 f6 29.f4 fxe5
30.fxe5 Bg7 31.Rc7 Rd8 32.Bc3 g5 33.h4 Bh6 34.Nd4 Rf8 35.Nxe6  1-0

[Event "ch-RUS HL"]
[Site "Ulan Ude RUS"]
[Date "2009.09.07"]
[Round "6"]
[White "Shimanov,A"]
[Black "Timofeev,Arty"]
[Result "1/2-1/2"]
[WhiteElo "2508"]
[BlackElo "2668"]

1.d4 Nf6 2.c4 g6 3.Nc3 d5 4.cxd5 Nxd5 5.e4 Nxc3 6.bxc3 Bg7 7.Nf3 c5 8.Be3 Qa5
9.Bd2 O-O 10.Be2 Rd8 11.O-O Bg4 12.Rb1 cxd4 13.cxd4 Qxa2 14.Ra1 Qb2 15.Rb1 Qa2
16.Ra1 Qb2 17.Rb1 Qa2  1/2-1/2

[Event "ch-RUS HL"]
[Site "Ulan Ude RUS"]
[Date "2009.09.07"]
[Round "6"]
[White "Maslak,K"]
[Black "Rakhmanov,Ale"]
[Result "1-0"]
[WhiteElo "2551"]
[BlackElo "2588"]

1.d4 Nf6 2.c4 g6 3.Nc3 d5 4.cxd5 Nxd5 5.e4 Nxc3 6.bxc3 Bg7 7.Nf3 c5 8.Be3 Qa5
9.Qd2 O-O 10.Rb1 Nd7 11.Bd3 e6 12.h4 h5 13.Rb5 Qc7 14.Bf4 e5 15.Nxe5 Bxe5
16.dxe5 Nxe5 17.Be2 Re8 18.Qe3 b6 19.Rb1 Qe7 20.Qg3 Bb7 21.O-O Kh7 22.f3 Rad8
23.Qg5 Qxg5 24.Bxg5 Rc8 25.Rfd1 Bc6 26.Ba6 Rb8 27.Be2 Re6 28.Rd2 f6 29.Bf4 Rbe8
30.a4 c4 31.Bxe5 Rxe5 32.Rd6 Bxa4 33.Ra1 b5 34.Rxf6 R8e7 35.Kf2 Kg7 36.Ra6 R5e6
37.Ra5 a6 38.Bxc4 Rc6 39.Bd5 Rxc3 40.Rxa6 Rc2+ 41.Kg3 Rec7 42.e5 R2c5 43.Be4 Rxe5
44.Rxg6+ Kf7 45.Rh6 Kg8 46.Ra2 Rd7 47.Kf4 Rc5 48.Rg6+ Rg7 49.g4 Rxg6 50.Bxg6 hxg4
51.fxg4 Bb3 52.Ra8+ Kg7 53.Bf5 Bc2 54.Ra7+ Kf8 55.Bxc2 Rxc2 56.Rb7 Rc5 57.h5 Kg8
58.Kg3 Kh8 59.Kh4 Kg8 60.h6 Kh8 61.g5 Kg8 62.Kh5 Kh8 63.h7 b4 64.Kh6 Rc8
65.g6  1-0

[Event "2nd WTeam w"]
[Site "Ningbo CHN"]
[Date "2009.09.09"]
[Round "7"]
[White "Wang Xiaohui"]
[Black "Nadig,K"]
[Result "1/2-1/2"]
[WhiteElo "2223"]
[BlackElo "2273"]

1.d4 Nf6 2.c4 g6 3.Nc3 d5 4.cxd5 Nxd5 5.e4 Nxc3 6.bxc3 Bg7 7.Nf3 O-O 8.Be2 c5
9.O-O b6 10.Be3 Bb7 11.Qc2 Nc6 12.Rfd1 cxd4 13.cxd4 Rc8 14.Qa4 Na5 15.Nd2 Qd6
16.e5 Qe6 17.Rdc1 Bd5 18.a3 f6 19.exf6 exf6 20.Bf3 f5 21.Qb5 Bxf3 22.Nxf3 Qd6
23.g3 Rcd8 24.Ra2 a6 25.Qe2 Rfe8 26.Rac2 b5 27.a4 Nc4 28.axb5 axb5 29.Qd3 Nxe3
30.fxe3 Bh6 31.Re1 Qd5 32.Kf2 g5 33.Rb2 g4 34.Nh4 f4 35.gxf4 Qh5 36.Ng2 Qxh2
37.Rxb5 Bxf4 38.exf4 Rxe1 39.Kxe1 Qxg2 40.Rg5+ Kh8 41.Qe3 Qh1+ 42.Kd2 Qg2+
43.Kd3 Qf1+ 44.Kd2 Qg2+ 45.Kc3 Rc8+ 46.Rc5 Rxc5+ 47.dxc5 g3 48.Qd4+ Kg8 49.Qc4+ Kg7
50.Qd4+ Kf7 51.Qd7+ Kg8 52.Qe8+  1/2-1/2

[Event "4th Xtracon Skovbo"]
[Site "Borup DEN"]
[Date "2009.09.13"]
[Round "9"]
[White "Hvenekilde,J"]
[Black "Johansson,An"]
[Result "1-0"]
[WhiteElo "2163"]
[BlackElo "2047"]

1.d4 Nf6 2.c4 g6 3.Nc3 d5 4.cxd5 Nxd5 5.e4 Nxc3 6.bxc3 Bg7 7.Ba3 O-O 8.Nf3 b6
9.Bc4 Bb7 10.Qe2 c5 11.O-O Qc7 12.Rac1 Nd7 13.e5 Bxf3 14.Qxf3 e6 15.h4 Rae8
16.h5 f6 17.hxg6 fxe5 18.Qh3 hxg6 19.Bxe6+ Rxe6 20.Qxe6+ Kh7 21.d5 Rf5 22.Rce1 e4
23.Re3 Rh5 24.Rh3 Bxc3 25.Rxh5+ gxh5 26.Qf7+ Kh8 27.Qxh5+ Kg8 28.Qg4+ Kf8
29.Bc1 Qd6 30.Qxe4 Be5 31.Re1 b5 32.Bg5 b4 33.f4 Bd4+ 34.Kh2 Nf6 35.Bxf6 Bxf6
36.Qf5 Kg7 37.Re3 c4 38.Rh3 c3 39.Rh7+ Kf8 40.Rd7 Qxd7 41.Qxd7 c2 42.Qc8+  1-0

[Event "ch-NED w"]
[Site "Haaksbergen NED"]
[Date "2009.09.19"]
[Round "9"]
[White "Peng Zhaoqin"]
[Black "Van Weersel,A"]
[Result "1-0"]
[WhiteElo "2407"]
[BlackElo "2209"]

1.d4 Nf6 2.c4 g6 3.Nc3 d5 4.cxd5 Nxd5 5.e4 Nxc3 6.bxc3 Bg7 7.Be3 O-O 8.Rc1 c5
9.Nf3 cxd4 10.cxd4 Bg4 11.Be2 Nc6 12.d5 Nb8 13.O-O Nd7 14.h3 Bxf3 15.Bxf3 Qa5
16.Qb3 b5 17.Be2 a6 18.Rc6 Rfc8 19.Rfc1 Rxc6 20.dxc6 Nf6 21.e5 Ne8 22.e6 f5
23.Bf3 Be5 24.g4 fxg4 25.hxg4 Rd8 26.Kg2 Bb8 27.Rh1 Qc7 28.Bc5 Ng7 29.Qe3 Rf8
30.Qh6 Nh5 31.gxh5 Rxf3 32.hxg6 Rg3+ 33.Kf1  1-0

[Event "Uxbridge Congress Open"]
[Site "Uxbridge ENG"]
[Date "2009.09.19"]
[Round "2"]
[White "Williams,Pe"]
[Black "Hegarty,S"]
[Result "1-0"]
[WhiteElo "1961"]
[BlackElo "2096"]

1.d4 Nf6 2.c4 g6 3.Nc3 d5 4.cxd5 Nxd5 5.e4 Nxc3 6.bxc3 Bg7 7.Nf3 c5 8.Rb1 O-O
9.Be2 b6 10.O-O Bb7 11.d5 Bxc3 12.Bh6 Bg7 13.Qd2 Qd6 14.Bc4 Nd7 15.Bxg7 Kxg7
16.Qc3+ Kg8 17.e5 Qc7 18.Rfd1 Rfe8 19.e6 fxe6 20.dxe6 Nf6 21.Rd7 Qc8 22.Ne5 Ba6
23.Nf7 Bxc4 24.Qxc4 Qc6 25.Re1 Rac8 26.Qc3 Kf8 27.Nd6 Qa4 28.Nxc8 Rxc8 29.Red1 Qxa2
30.Qe5 Re8 31.Rxe7 Rxe7 32.Qxf6+  1-0

[Event "18th TCh-CRO"]
[Site "Sibenik CRO"]
[Date "2009.09.21"]
[Round "1"]
[White "Khenkin,I"]
[Black "Ruck,R1"]
[Result "1/2-1/2"]
[WhiteElo "2613"]
[BlackElo "2548"]

1.d4 Nf6 2.c4 g6 3.Nc3 d5 4.cxd5 Nxd5 5.e4 Nxc3 6.bxc3 Bg7 7.Nf3 c5 8.Be3 Qa5
9.Qd2 O-O 10.Rc1 cxd4 11.cxd4 Qxd2+ 12.Nxd2 e6 13.Bb5 Bd7 14.Bxd7 Nxd7 15.Ke2 Rfc8
16.a4 Nb6 17.Rxc8+ Rxc8 18.Ra1 Rc7 19.Kd3 f5 20.a5  1/2-1/2

[Event "18th TCh-CRO b"]
[Site "Sibenik CRO"]
[Date "2009.09.21"]
[Round "1"]
[White "Novak,Rat"]
[Black "Brnas,A"]
[Result "0-1"]
[WhiteElo "2199"]
[BlackElo "2304"]

1.d4 Nf6 2.c4 g6 3.Nc3 d5 4.cxd5 Nxd5 5.e4 Nxc3 6.bxc3 Bg7 7.Bc4 c5 8.Ne2 cxd4
9.cxd4 Nc6 10.Be3 O-O 11.O-O Bg4 12.f3 Na5 13.Bxf7+ Rxf7 14.fxg4 Rxf1+ 15.Kxf1 Qd7
16.h3 Nc4 17.Qb3 b5 18.Rd1 e5 19.d5 a5 20.Bf2 a4 21.Qb4 Bf8 22.Qc3 Rc8 23.Kg1 b4
24.Qg3 Qb5 25.Nc1 Bd6 26.g5 Nb2 27.Qg4 Qe8 28.Rf1 Rc2 29.Be3 Nc4 30.Ba7 Qe7
31.Kh1 Nd2 32.Qd1 Nxf1 33.Qxc2 Qxa7 34.Qd3 Qf2 35.Qa6 Ng3+ 36.Kh2 Nxe4 37.Nd3 Qg3+
38.Kg1 Qxg5 39.Qc4 Qe3+ 40.Kh2 Nc5 41.Qg4 e4+ 42.Kh1 exd3  0-1

[Event "18th TCh-CRO b"]
[Site "Sibenik CRO"]
[Date "2009.09.22"]
[Round "2"]
[White "Vujec,I"]
[Black "Bubicic,J"]
[Result "1-0"]
[WhiteElo "1977"]
[BlackElo "2090"]

1.d4 Nf6 2.c4 g6 3.Nc3 d5 4.cxd5 Nxd5 5.e4 Nxc3 6.bxc3 Bg7 7.Bc4 c5 8.Ne2 O-O
9.Be3 Qc7 10.Rc1 Rd8 11.O-O Nc6 12.d5 Na5 13.Bd3 c4 14.Bb1 b6 15.Bd4 e5 16.Be3 Nb7
17.f4 Bg4 18.h3 exf4 19.Bxf4 Qc5+ 20.Kh1 Bxe2 21.Qxe2 Re8 22.Qf3 f6 23.h4 Nd6
24.h5 Nf7 25.hxg6 hxg6 26.e5 Nxe5 27.Bxe5 Rxe5 28.Bxg6 Rxd5 29.Qh3 Rd6 30.Rf5 Qc7
31.Qh7+ Kf8 32.Rcf1 Qe7 33.g4 Qe4+ 34.R5f3 Qe5 35.Bh5 Qg5 36.Qe4 Rad8 37.Qxc4 Qd5
38.Qf4 Kg8 39.g5 Qxg5 40.Bf7+ Kf8 41.Qxg5 fxg5 42.Bb3+ Ke8 43.Re1+ Kd7 44.Rf7+ Kc6
45.Rxg7 Rh8+ 46.Kg1 Rd3 47.Re6+ Kb5 48.Rxg5+  1-0

[Event "TCh-ROU Superliga"]
[Site "Eforie Nord ROU"]
[Date "2009.09.23"]
[Round "5"]
[White "Werle,J"]
[Black "Lupulescu,C"]
[Result "1-0"]
[WhiteElo "2563"]
[BlackElo "2599"]

1.d4 Nf6 2.c4 g6 3.Nc3 d5 4.cxd5 Nxd5 5.e4 Nxc3 6.bxc3 Bg7 7.Bc4 c5 8.Ne2 Nc6
9.Be3 O-O 10.O-O Bd7 11.Rb1 Rc8 12.Bd3 e5 13.dxc5 Na5 14.Nc1 Be6 15.Qe2 Qc7
16.Nb3 Nc6 17.Bc4 Bxc4 18.Qxc4 h6 19.Rfd1 Rfd8 20.Rd5 Ne7 21.Rd2 Nc6 22.Rbd1 Rxd2
23.Rxd2 Rd8 24.Rd5 Ne7 25.Rxd8+ Qxd8 26.h3 Nc6 27.Qd5 Qe7 28.Nd2 Na5 29.Nc4 Nxc4
30.Qxc4 Qc7 31.c6 bxc6 32.Qa6 c5 33.a4 Bf8 34.Kf1 Kg7 35.Ke2 Be7 36.Kd3 Qd7+
37.Kc4 Qd1 38.Qxa7 Qe2+ 39.Kd5 Qd3+ 40.Kc6 Qxe4+ 41.Kd7 Bf8 42.Kc7 Qd3 43.a5 Be7
44.Kc6 Qd6+ 45.Kb5 Qd3+ 46.c4 Qb3+ 47.Kc6 Qa4+ 48.Kd5 Qd1+ 49.Kc6 Qa4+ 50.Kb7 Qxc4
51.Qb6 Qe4+ 52.Qc6 Qb4+ 53.Qb6 Qe4+ 54.Kc8 c4 55.a6 c3 56.a7 c2 57.Kb8 Qd3
58.a8=Q Bg5 59.Qac6 Bxe3 60.Qxe3  1-0

[Event "TCh-ROU Superliga"]
[Site "Eforie Nord ROU"]
[Date "2009.09.25"]
[Round "7"]
[White "Werle,J"]
[Black "Marin,Mi"]
[Result "1/2-1/2"]
[WhiteElo "2563"]
[BlackElo "2616"]

1.d4 Nf6 2.c4 g6 3.Nc3 d5 4.cxd5 Nxd5 5.e4 Nxc3 6.bxc3 Bg7 7.Bc4 O-O 8.Ne2 Nc6
9.O-O b6 10.Be3 Bb7 11.Rb1 Na5 12.Bd3 e5 13.Qc2 Qe7 14.dxe5 c5 15.c4 Qxe5
16.Nf4 Rae8 17.Nd5 Bxd5 18.exd5 Qc3 19.Qxc3 Bxc3 20.Rfc1 Be5 21.Bh6 Bg7 22.Bf4 Be5
23.Bh6 Bg7 24.Bf4 Be5 25.Bh6  1/2-1/2

[Event "18th TCh-CRO"]
[Site "Sibenik CRO"]
[Date "2009.09.25"]
[Round "5"]
[White "Doric,D"]
[Black "Zelic,Ml"]
[Result "1/2-1/2"]
[WhiteElo "2456"]
[BlackElo "2305"]

1.d4 Nf6 2.c4 g6 3.Nc3 d5 4.cxd5 Nxd5 5.e4 Nxc3 6.bxc3 Bg7 7.Rb1 c5 8.Nf3 O-O
9.Be2 b6 10.O-O Bb7 11.Qd3 cxd4 12.cxd4 Ba6 13.Qe3 Qd7 14.Bxa6 Nxa6 15.Qb3 Rac8
16.Bg5 Nc7 17.Rfd1 Ne6 18.Be3 Rfd8 19.a4 Qb7 20.d5 Nc5 21.Bxc5 Rxc5 22.Nd4 Bxd4
23.Rxd4 Qc7 24.g3 Qe5 25.Rbd1 Rdc8 26.Qe3 Kg7 27.Kg2 Rc2 28.d6 exd6 29.Rd5 R8c3
30.R1d3 Rxd3 31.Qxd3 Qc3 32.Qxc3+ Rxc3 33.Rxd6 Rc4 34.a5 Rxe4  1/2-1/2

[Event "TCh-ISL 2009-10"]
[Site "Rekjavik ISL"]
[Date "2009.09.27"]
[Round "4"]
[White "Ahlander,B"]
[Black "Thorfinnsson,Br"]
[Result "1-0"]
[WhiteElo "2423"]
[BlackElo "2360"]

1.d4 Nf6 2.c4 g6 3.Nc3 d5 4.cxd5 Nxd5 5.e4 Nxc3 6.bxc3 Bg7 7.Bc4 c5 8.Nf3 Nc6
9.Be3 O-O 10.h3 Qc7 11.Rc1 Na5 12.Bd3 Rd8 13.O-O b6 14.Qd2 Bb7 15.Rfd1 Bc6
16.Bf4 Qb7 17.Qe2 Ba4 18.Re1 Qd7 19.d5 b5 20.c4 Rac8 21.cxb5 c4 22.Bb1 Qxb5
23.Qe3 c3 24.Bd3 Nc4 25.Bxc4 Qxc4 26.Be5 c2 27.Bxg7 Kxg7 28.Qxa7 Rd7 29.Qe3 Qc3
30.Qf4 Qf6 31.Qe3 Qc3 32.Qf4 Qf6 33.Qg4 e5 34.Qg3 Rc3 35.h4 Rb7 36.h5 Rd3
37.Qh3 Bd7 38.Qh2 Bg4 39.h6+ Kf8 40.Rxc2 Bxf3 41.Qh3 Rb8 42.Rc8+ Rxc8 43.Qxc8+ Ke7
44.Qc7+ Ke8 45.Qb8+ Ke7 46.Qb7+ Kd8 47.Qa8+ Ke7 48.Qa7+ Kd8 49.Qb8+ Ke7 50.Qc7+ Ke8
51.Qc8+ Ke7 52.Qc5+ Kd8 53.Qa5+ Ke7 54.Qb4+ Kd8 55.gxf3 Qg5+ 56.Kf1 Rxf3
57.Qd6+ Ke8 58.Qc6+ Kd8 59.d6 Rd3 60.Rb1  1-0

[Event "18th TCh-CRO w"]
[Site "Sibenik CRO"]
[Date "2009.09.28"]
[Round "8"]
[White "Cacic,M"]
[Black "Purgar,I"]
[Result "0-1"]
[WhiteElo "1654"]
[BlackElo "2093"]

1.d4 Nf6 2.c4 g6 3.Nc3 d5 4.cxd5 Nxd5 5.e4 Nxc3 6.bxc3 Bg7 7.Bb2 O-O 8.Bc4 c5
9.Ne2 Nc6 10.O-O Qc7 11.Bb3 b6 12.Bd5 Bb7 13.Bxc6 Bxc6 14.f3 Rfd8 15.Qc2 Bb5
16.d5 Bc4 17.Rfe1 b5 18.a4 a6 19.Nc1 Be5 20.h3 Qb6 21.Kh1 Qf6 22.Nd3 Bxd3
23.Qxd3 Qf4 24.Kg1 Qh2+ 25.Kf1 Bg3 26.Rec1 Qh1+ 27.Ke2 Qxg2+ 28.Kd1 Qxb2  0-1

[Event "74th ch-ESP Absoluto"]
[Site "Palma de Mallorca ESP"]
[Date "2009.09.29"]
[Round "4"]
[White "Garza Marco,S"]
[Black "Cabrera,Ale"]
[Result "1-0"]
[WhiteElo "2447"]
[BlackElo "2529"]

1.d4 Nf6 2.c4 g6 3.Nc3 d5 4.cxd5 Nxd5 5.e4 Nxc3 6.bxc3 Bg7 7.Bc4 c5 8.Ne2 Nc6
9.Be3 O-O 10.O-O Na5 11.Bd3 b6 12.Rc1 e5 13.d5 f5 14.f3 c4 15.Bc2 f4 16.Bf2 Rf7
17.Rb1 Bf8 18.Ba4 Qc7 19.Kh1 Bd6 20.Ng1 Bb7 21.g4 g5 22.Nh3 h6 23.Rg1 Rh7
24.Rg2 Kf7 25.Kg1 Kf6 26.Kf1 h5 27.gxh5 Rxh5 28.Nxg5 Rxg5 29.Bh4 Rg8 30.Rbb2 Qh7
31.Qe1 Qh5 32.Rxg5 Rxg5 33.Rg2 Qxf3+ 34.Qf2 Qxe4 35.Bc2 Qxd5 36.Rxg5 Kf7
37.Qg1 Qf3+ 38.Bf2 Qh3+ 39.Ke2 Qf3+ 40.Kd2 Qd5+ 41.Ke1 Qh1 42.Rg7+ Ke6 43.Qxh1 Bxh1
44.h4 e4 45.Rg6+ Kd5 46.h5 e3 47.h6 exf2+ 48.Kxf2 Bc5+ 49.Kf1 f3 50.h7 Bg2+
51.Rxg2 fxg2+ 52.Kxg2  1-0

[Event "74th ch-ESP Absoluto"]
[Site "Palma de Mallorca ESP"]
[Date "2009.10.03"]
[Round "8"]
[White "Arizmendi Martinez,J"]
[Black "Camacho Collados,J"]
[Result "1-0"]
[WhiteElo "2532"]
[BlackElo "2401"]

1.d4 Nf6 2.c4 g6 3.Nc3 d5 4.cxd5 Nxd5 5.e4 Nxc3 6.bxc3 Bg7 7.Bc4 c5 8.Ne2 Nc6
9.Be3 O-O 10.O-O Bd7 11.Rb1 a6 12.dxc5 Na5 13.Bd3 Qc7 14.Qc2 e5 15.c4 f5
16.f3 Be6 17.Nc3 Bxc4 18.Nd5 Bxd3 19.Qxd3 Qf7 20.Rfd1 Nc6 21.Rb6 Rad8 22.Qb3 Na5
23.Qd3 Nc6 24.h3 Kh8 25.Kh1 Rd7 26.a4 Rfd8 27.Rdb1 h6 28.Qb3 Na5 29.Qc3 Nc6
30.Qb2 Na5 31.Qc2 Nc6 32.Qb2 Na5 33.Qc1 g5 34.Bd2 Nc6 35.Qb2 g4 36.hxg4 fxe4
37.fxe4 Qg6 38.Re1 Qxg4 39.Qc3 Rf8 40.Qh3 Qxh3+ 41.gxh3 Rf2 42.Be3 Ra2 43.Reb1 Nd8
44.Bxh6 Bxh6 45.Rxh6+ Rh7 46.Rxh7+ Kxh7 47.Rb6 Rxa4 48.Rd6 Nf7 49.Rd7 Kg6
50.Rxb7 Rxe4 51.c6 Nd6 52.c7 Kf5 53.Rb6 Re1+ 54.Kg2 Nc8 55.Rb8 Nd6 56.Rd8  1-0

[Event "USCL 2009"]
[Site "ICC INT"]
[Date "2009.10.14"]
[Round "7"]
[White "Christiansen,L"]
[Black "Vovsha,E"]
[Result "0-1"]
[WhiteElo "2578"]
[BlackElo "2484"]

1.d4 Nf6 2.c4 g6 3.Nc3 d5 4.cxd5 Nxd5 5.e4 Nxc3 6.bxc3 Bg7 7.Qa4+ Nd7 8.Nf3 O-O
9.Bg5 c5 10.h3 cxd4 11.cxd4 Nc5 12.Qa3 Nxe4 13.Bxe7 Qc7 14.Rc1 Qf4 15.Be2 Re8
16.O-O Be6 17.Bc4 Bxc4 18.Rxc4 Nd2 19.Nxd2 Qxd2 20.Bb4 Qf4 21.Qb3 b5 22.Rc5 a5
23.Bc3 b4 24.Ba1 Bxd4 25.Bxd4 Qxd4 26.Rc7 Qf4 27.Rb7 Reb8 28.Rxb8+ Rxb8 29.Qa4 Qe5
30.Qd7 Qb5 31.Qc7 a4 32.Re1 b3 33.axb3 axb3 34.Kh2 b2 35.Rb1 h5 36.Qe7 Qf5
37.Qe1 h4 38.Kg1 Qc2 39.Kh2 Qc7+ 40.Kg1 Qc2 41.Kh2 Rc8 42.f4 Qc1 43.Qe4 Qc2
44.Qe1 Qc1 45.Qe4 Qc2 46.Qe1 Rb8 47.Qe5 Qxb1 48.Qxb8+ Kh7 49.f5 gxf5 50.Qb3 Kg8
51.Qb8+ Kh7 52.Qb3 Kg7 53.Qc3+ Kg6 54.Qc6+ Kg5 55.Qc3 f6 56.Qe3+ f4 57.Qb3 Kh6
58.Qb8 f3 59.Qf4+ Kg7 60.Qg4+ Qg6 61.Qd7+ Qf7 62.Qg4+ Kf8 63.Qb4+ Qe7 64.Qxb2 Qd6+
65.Kh1 Qf4 66.Qa3+ Kf7 67.gxf3 Qg3 68.Qa2+ Kf8 69.Qe6 Qxf3+ 70.Kg1 Qg3+ 71.Kh1 Qf3+
72.Kg1 Qf4 73.Qd7 Qe4 74.Kf2 f5 75.Qh7 Qf4+ 76.Ke2 Qh2+ 77.Ke1 Qxh3 78.Qh8+ Kf7
79.Qh7+ Kf6 80.Qh8+ Kg5 81.Qg7+ Kf4 82.Qd4+ Kg3 83.Qf2+ Kg4 84.Qd4+ f4 85.Qd7+ Kg3
86.Qd3+ f3 87.Qe3 Qh1+ 88.Kd2 Qg2+ 89.Kc3 Kh2  0-1